Breeding and improvement farm animals / (Record no. 2434)

MARC details
000 -LEADER
fixed length control field 00783nam a22002537a 4500
001 - CONTROL NUMBER
control field BD-DhSAU 2434
003 - CONTROL NUMBER IDENTIFIER
control field BD-DhSAU
005 - DATE AND TIME OF LATEST TRANSACTION
control field 20150128131517.0
008 - FIXED-LENGTH DATA ELEMENTS--GENERAL INFORMATION
fixed length control field 150128b1951 -usa||||r|||| 001 0 eng d
040 ## - CATALOGING SOURCE
Original cataloging agency BD-DhSAU
082 ## - DEWEY DECIMAL CLASSIFICATION NUMBER
Edition number 22
Classification number 636.082
Item number RIB
100 ## - MAIN ENTRY--PERSONAL NAME
Personal name Rice, Victor Arthur.
245 ## - TITLE STATEMENT
Title Breeding and improvement farm animals /
Statement of responsibility, etc. Victor Arthur Rice and Fredrick Newcomb Andrews.
250 ## - EDITION STATEMENT
Edition statement 4th ed
260 ## - PUBLICATION, DISTRIBUTION, ETC. (IMPRINT)
Place of publication, distribution, etc. New York :
Name of publisher, distributor, etc. McGraw- Hill ,
Date of publication, distribution, etc. c1951.
300 ## - PHYSICAL DESCRIPTION
Extent x, 787 p. :
Other physical details ill. ;
Dimensions 24 cm.
440 ## - SERIES STATEMENT/ADDED ENTRY--TITLE
Title McGraw- Hill publications in the agricultural sciences.
504 ## - BIBLIOGRAPHY, ETC. NOTE
Bibliography, etc Includes index.
590 ## - Name of Cataloguer
Name of Cataloger joy
650 ## - SUBJECT ADDED ENTRY--TOPICAL TERM
Topical term or geographic name as entry element Animal husbandry.
650 ## - SUBJECT ADDED ENTRY--TOPICAL TERM
Topical term or geographic name as entry element Breeding farm animals.
650 ## - SUBJECT ADDED ENTRY--TOPICAL TERM
Topical term or geographic name as entry element Improvement farm animals.
700 ## - ADDED ENTRY--PERSONAL NAME
Personal name Andrews, Fredrick Newcomb.
942 ## - ADDED ENTRY ELEMENTS (KOHA)
Source of classification or shelving scheme Dewey Decimal Classification
Koha item type Book
Holdings
Withdrawn status Lost status Source of classification or shelving scheme Damaged status Not for loan Home library Branch Name Shelving location Date acquired Total Checkouts Full call number Barcode Date last seen Price effective from Koha item type
    Dewey Decimal Classification     SAU Library SAU Library General Stacks 22/11/1978   636.082 RIB 1652 28/01/2015 28/01/2015 Book